00835 2200289 4500001002100000005001500021035002500036007000300061008004100064020002200105040001700127082001400144084001600158100002600174245008300200250001100283260003700294300004200331650001800373700002200391850001200413090002000425090002200445504003400467999002200501990002200523INLIS00000000002637620200510101318 a0010-031700000000486ta170324s2015 yoia g ind d a978-602-371-168-0 aYOPDYOGbind04222a658.3 a658.3 SAL m0 aSalmiaty Taty,d1952-00aManajemen sumber daya manusia /cSalmiaty Taty ; penyunting, Muslimin B. Putra aCet. 13 aYogyakarta :bLeutikaprio,c2015 avi, 280 halaman :bilustrasi ;c21 cm 4aManajemen SDM0 aMuslimin B. Putra aYOPDYOG aDEP 658.3 SAL m aCB-D.11 2015-2159 aBibliografi : halaman 279-280 aCB-D.11/2015-2159 aCB-D.11/2015-2159